Jak factoring pomáhá při řízení firmy

Faktoring ako spôsob podpory rozvoja podnikania cudzími zdrojmi. Funkcie faktoringu: flexibilné financovanie, správa pohľadávok a alternatívne zaistenie rizika. Riadenie pohľadávok faktoringovou spoločnosťou. Ošetrenie rizika neplatenia pohľadávok - bezregresný faktoring. Faktoring ako účinný nástro...

Full description

Saved in:
Bibliographic Details
Main Author: Horák, Jindřich
Format: Book Chapter
Language:Czech
Subjects:
Tags: Add Tag
No Tags, Be the first to tag this record!

MARC

LEADER 00000naa$a2200000$$$4500
001 0056195
005 20231128135040.8
041 0 |a cze 
044 |a CZ 
245 1 0 |a Jak factoring pomáhá při řízení firmy  |c Jindřich Horák 
520 |a Faktoring ako spôsob podpory rozvoja podnikania cudzími zdrojmi. Funkcie faktoringu: flexibilné financovanie, správa pohľadávok a alternatívne zaistenie rizika. Riadenie pohľadávok faktoringovou spoločnosťou. Ošetrenie rizika neplatenia pohľadávok - bezregresný faktoring. Faktoring ako účinný nástroj riadenia likvidity a rizika. 
610 2 0 |a podnikanie 
610 2 0 |a financovanie 
610 2 0 |a financie 
610 2 0 |a banky 
610 2 0 |a faktoring 
610 2 0 |a riadenie finančné 
610 2 0 |a pohľadávky 
610 2 0 |a riziko 
610 2 0 |a dodávatelia 
610 2 0 |a odberatelia 
100 1 |a Horák, Jindřich